000 00291 a2200145 4500
001 168916
020 _a
040 _cMagnum
100 _aRodrigues, Aroldo
240 1 0 _aPsicologia social
_lpor
245 1 0 _aPsicologia social
362 0 _a1899
697 _aPSICOLOGIA
942 _cBK
999 _c168916
_d168916